MARC

LEADER 00000nam0a2200000 4500
001 92730
005 20231031104818.0
035 |a (RuTPU)RU\TPU\book\99335 
090 |a 92730 
100 |a 20060317d1964 m y0rusy50 ca 
101 0 |a rus 
102 |a UA 
105 |a a z 001zy 
200 1 |a Разделение природных углеводородных газов  |f А. П. Клименко 
210 |a Киев  |c Технiка  |d 1964 
215 |a 380 с.  |c ил. 
320 |a Библиогр.: с. 371-378 
610 1 |a нефть 
610 1 |a газ 
610 1 |a разделение 
610 1 |a углеводороды 
610 1 |a газоразделение 
610 1 |a термодинамика 
610 1 |a сжижение 
610 1 |a газоконденсатные месторождения 
610 1 |a фракционирование 
610 1 |a холодильные циклы 
675 |a 665.59  |v 3 
700 1 |a Клименко  |b А. П.  |g Александр Петрович 
801 1 |a RU  |b 63413507  |c 20060317  |g PSBO 
801 2 |a RU  |b 63413507  |c 20071211  |g PSBO 
942 |c BK